LEADER 00963nam a2200217 i 4500 001 000000068297 003 CaOOAMICUS 005 20100929000000.0 008 100929s1969 xxk u000 u mul u 013 $a39469 040 $aSeMil$bita 245 10$aDidascalia Apostolorum :$bthe Syriac version translated and accompanied by the Verona latin fragments /$cWith an Introduction and Notes by R. Hugh Connolly. 260 $aOxford :$bClarendon Press,$c1969. 300 $aXCI, 280 p. ;$c23 cm. 500 $aRist. dell'ed. del 1929. 700 1 $aConnolly, R. Hugh.$0(OLS)http://semarc/name/9859 850 $aSeMil 852 $aSeMil$W1$xVenegono$y1$m2U V 187$j34450$B34450$CSeMilBibl$Z2$F34453 $81 961 $aOmaggio: Donazione 996 $6245$aDidascalia Apostolorum :$bthe Syriac version translated and accompanied by the Verona latin fragments$9(OLS)http://semarc/title/108994 996 $6260$aOxford :$bClarendon Press$9(OLS)http://semarc/publisher/30012 LEADER 01115nam a2200265 i 4500 001 000000146333 003 CaOOAMICUS 005 20051228000000.0 008 051228s1974 it u000 u ita u 013 $a123014 040 $aSeMil$bita 100 1 $aLonardi, Gilberto.$0(OLS)http://semarc/name/51215 245 10$aLeopardismo :$bsaggio sugli usi di Leopardi dall'Otto al Novecento /$cGilberto Lonardi. 260 $aFirenze :$bSansoni,$ccopyr. 1974. 300 $a121 p. ;$c19 cm. 490 0 $aScuola aperta. Lettere italiane ;$v39 500 $aFondo Ciprandi. 650 4$aLeopardi, Giacomo <1798-1837> - Fortuna - Sec. 19.-20.$0(OLS)http://semarc/subject/28645 830 0$aScuola aperta. Lettere italiane ;$v39.$0(OLS)http://semarc/title/10444 850 $aSeMil 852 $aSeMil$W1$xVenegono$y1$m1B I 161$j99013$B99013$CSeMilBibl$Z2$F107363 $81 941 1 $a1 961 $aOmaggio: Ciprandi dott. Paolo 996 $6245$aLeopardismo :$bsaggio sugli usi di Leopardi dall'Otto al Novecento$9(OLS)http://semarc/title/214001 996 $6260$aFirenze :$bSansoni$9(OLS)http://semarc/publisher/29843